|
|
|
|
| LEADER |
00000nab a2200000 a 4500 |
| 001 |
vtls000764558 |
| 003 |
SK-MaSNL |
| 005 |
20260426081630.0 |
| 008 |
250429c2001 xo 0 slo |
| 015 |
|
|
|a SNBRB2001/08-23317
|
| 035 |
|
|
|a CLN000116345
|
| 035 |
|
|
|a urn:nbn:sk:snk-aber0g
|
| 035 |
|
|
|a (urnnbn)urn:nbn:sk:snk:ar-006z00
|
| 035 |
|
|
|a (uuid)e27798d5-9729-490d-994c-d7a213e45ca0
|
| 040 |
|
|
|a SNKBUCL
|b slo
|c SNKBUCL
|e AACR2
|
| 041 |
0 |
|
|a slo
|
| 044 |
|
|
|a xo
|c SK
|
| 080 |
|
|
|a 639.18(437.6):639.111.2
|2 1997
|
| 080 |
|
|
|a 639.111.2(437.6)
|2 1997
|
| 100 |
1 |
|
|a Richter, Vojtech
|4 aut
|9 268349
|
| 245 |
1 |
0 |
|a Muflónie rohy
|b trofejová produkcia za 80 (100) rokov na Slovensku
|c Vojtech Richter
|
| 300 |
|
|
|b Fotogr.
|
| 648 |
|
7 |
|a 1900-1999
|2 snkbucl
|9 297411
|
| 650 |
0 |
7 |
|a poľovnícke trofeje
|2 snkbucl
|9 29369
|
| 650 |
0 |
7 |
|a rohy muflónie
|2 snkbucl
|9 1007526
|
| 651 |
|
7 |
|a Slovensko
|2 snkbucl
|9 14231
|
| 655 |
|
7 |
|a články z novín a časopisov
|2 snkbucl
|9 267496
|
| 773 |
0 |
|
|t Poľovníctvo a rybárstvo
|g Roč. 53, č. 5 (2001), s. 10-11 a 20
|x 0231-8768
|
| 850 |
|
|
|a Slovenská národná knižnica
|
| 852 |
|
|
|a Slovenská národná knižnica
|
| 958 |
|
|
|a article27
|
| 958 |
|
|
|a OND
|
| 958 |
|
|
|a SK
|
| 992 |
|
|
|a RBX
|
| 999 |
|
|
|c 2847608
|d 2849538
|